00709nam a2200121 4500008001000000082001500010100004000025245001700065260007700082300003300159505028300192650011200475708 V181c a708bV181c aChavarría Zamora, María José  aCharter city aSan José, Costa Rica bMuseo de Arte y Diseño Contemporáneo c2013 a46 p.bil (col)c24 x 21 cm  tDesde la idea Charter City rMaría José Chavarría tTexto del artista tObras y referencia tVallecillo vs Haussmann (en los trópicos) rTamara Díaz Bringas tLa utopía defensiva del capitalismo tardío rSantiago Olmo tTraducciones tCurriculum vitaetCréditos  xarte contemporáneo xarte - exhibiciones xarte - instalaciones xarte - Honduras xarte - instalaciones